000
00315nam a22001337a 4500
003
SGT
082
_a
340,BUG
100
_a
BUGNION, FRANCOIS
245
_a
RED CROSS, RED CRESCENT RED CRYSTAL
260
_a
NEW DELHI
_b
ICRC
_c
2007
300
_a
111
650
_a
RED CROSS, RED CRESCENT RED CRYSTAL
942
_2
ddc
_c
BK
999
_c
11043
_d
11043